Score 0/22 Timer 04:00
0 Plays Today
Scrambled Word Answer % Correct
QUIDILLIQUID
90.3%
RIQUMSSQUIRM
82%
UQATACIAQUATIC
81.6%
MUQUKATKUMQUAT
79%
QUEENFRTFREQUENT
75.4%
QUINUEUNIQUE
75.3%
PQUOAEOPAQUE
74.1%
OQECNURCONQUER
67.4%
QUALPEPLAQUE
65.4%
AQEBNUTBANQUET
65.1%
QUETCARRACQUET
64%
Scrambled Word Answer % Correct
QUADHEARTSERHEADQUARTERS
60.6%
SEUQNITINQUEST
60.4%
QUVISHANVANQUISH
60.3%
IREENQUENQUIRE
57.9%
QUSTOOMIMOSQUITO
46.1%
SQUEROGETGROTESQUE
41.1%
QUIJLONJONQUIL
39.1%
EIQETDLNUNDELINQUENT
38.3%
CHINQUETETECHNIQUE
35.6%
LAQUNENONONEQUAL
20.5%
NIQQUUNIAQUINQUINA
13.1%
Remove Ads.
Support Sporcle.
Get the best of Sporcle when you Go Orange. This ad-free experience offers more features, more stats, and more fun while also helping to support Sporcle. Thank you for becoming a member.

You're not logged in!

Compare scores with friends on all Sporcle quizzes.
OR
Log In

Show Comments

Extras

Top Quizzes Today


Score Distribution

Your Account Isn't Verified!

In order to create a playlist on Sporcle, you need to verify the email address you used during registration. Go to your Sporcle Settings to finish the process.

Report this User

Report this user for behavior that violates our Community Guidelines.

Details: